Every Pseudo Legendary and there Evolution Line - Statistics

General Stats
  • This quiz has been taken 11 times
  • The average score is 19 of 30
Answer Stats
Hint Region Answer % Correct
149 Kanto Dragonite
100%
148 Kanto Dragonair
88%
147 Kanto Dratini
88%
376 Hoenn Metagross
88%
375 Hoenn Metang
88%
248 Johto Tyranitar
88%
371 Hoenn Bagon
75%
445 Sinnoh Garchomp
75%
706 Kalos Goodra
75%
635 Unova Hydreigon
75%
784 Alola Kommo-o
75%
246 Johto Larvitar
75%
247 Johto Pupitar
75%
373 Hoenn Salamence
75%
374 Hoenn Beldum
63%
444 Sinnoh Gabite
63%
443 Sinnoh Gible
63%
704 Kalos Goomy
63%
372 Hoenn Shelgon
63%
633 Unova Deino
50%
887 Galar Dragapult
50%
782 Alola Jangmo-o
50%
705 Kalos Sliggo
50%
634 Unova Zweilous
50%
998 Paldea Baxcalibur
38%
885 Galar Dreepy
38%
783 Alola Hakamo-o
38%
886 Galar Drakloak
25%
996 Paldea Frigibax
25%
997 Paldea Arcibax
0%
No matching quizzes found
Score Distribution
Percent of People with Each Score
Percentile by Number Answered
Your Score History
You have not taken this quiz